1396 1165 1356 1998 1649 1547 1695 1533 1588 1050 1693 1702 1613 1345 1820 1894 1422 1732 1127 1126 1858 1309 1991 1353 1901 1795 1170 1398 1613 1515 1173 1650 1467 1373 1112 1370 1172 1521 1522 1743 1278 1016 1034 1231 1156 1080 1154 1925 1112 1215 1798 1193 1264 1134 1590 1208 1413 1317 1639 1094 1294 1123 1906 1069 1345 1241 1870 1113 1149 1921 1123 1608 1354 1985 1474 1787 1255 1216 1959 1177 1570 1447 1854 1575 1808 1743 1625 1469 1276 1971 1533 1518 1668 1949 1020 1932 1544 1030 1940 BCNSPRNW ULIB Ver.6.0+V

เปลี่ยนเป็นภาษาไทย

Change to English
 แสดงรายละเอียดบรรณานุกรม
  กลับหน้าหลัก

Brief Record : Get Marc (ISO 2709) : E-mail record : QR code < ปิดหน้าต่าง
LEADER : 00000nam 2200000uu 4500
001    13399120075
003     ULIB
008    120828s2552||||th 000 0 tha d
020    ^a9786117007156
090    ^aนว.^bพ541จ 2552
100 0  ^aพัดวา
245 00 ^aเจ้าชายแห่งทะเลทรายกับยัยจอมแสบ/^cพัดวา
250    ^aพิมพ์ครั้งที่ 1
260    ^aกรุงเทพฯ :^blovejung,^c2552
300    ^a171 หน้า
710 1  ^ablovejung
945    ^p0^l0^i15778
995    ^aกัณชพร
999    ^aใช้งานได้ทุกระบบ
รายการนี้ยังไม่มีแท็ก
คุณยังไม่ได้ล็อกอิน คุณสามารถมีกิจกรรมร่วมกับเว็บไซต์ได้ แต่ต้องล็อกอินก่อน ::
  ล็อกอิน

รายการสื่อสารสนเทศ

ลำดับที่ ประเภท เลขเรียก/บาร์โค้ด สถานที่ สถานะ
1. นวนิยาย
นวนิยาย
นว. พ541จ 2552  
  Barcode: 15778
ห้องสมุดวิทยาเขตสวรรค์ประชารักษ์
►นวนิยาย
บนชั้น
  ขอยืม

BibComment


ยังไม่เคยถูกคอมเมนท์

คอมเมนท์ทรัพยากรรายการนี้
  คอมเมนท์: เจ้าชายแห่งทะเลท..


 Copyright 2026. Bcnsprnw @Library